[Event "Arequipa Llerena Memorial U2200"]
[Site "Arequipa"]
[Date "2016.12.10"]
[Round "4.1"]
[White "Cutipa, Gianfranco"]
[Black "Gonzales Curse, Flavio"]
[Result "1-0"]
[WhiteElo "2124"]
[BlackElo "2019"]
[PlyCount "137"]
[EventDate "2016.12.08"]
[EventType "swiss"]
[EventRounds "7"]
[EventCountry "PER"]
[SourceTitle "EXT 2024"]
[Source "ChessBase"]
[SourceDate "2023.10.10"]
[SourceVersion "1"]
[SourceVersionDate "2023.10.10"]
[SourceQuality "1"]

1. e4 c5 2. Nf3 d6 3. c3 Nf6 4. Be2 g6 5. d3 Bg7 6. Nbd2 0-0 7. Nf1 b5 8. Ng3 Nc6 9. h4 h5 10. 0-0 b4 11. d4 bxc3 12. bxc3 cxd4 13. cxd4 Bg4 14. Be3 Qa5 15. Qe1 Rfc8 16. Qxa5 Nxa5 17. Rac1 d5 18. e5 Ne4 19. Ba6 Nxg3 20. fxg3 Rxc1 21. Rxc1 Nc4 22. Bxc4 dxc4 23. Rxc4 Be6 24. Ra4 Bd5 25. Ne1 Be4 26. Nf3 e6 27. Bd2 Bf8 28. Ng5 Bd5 29. Nh3 a6 30. Nf4 Bc6 31. Rc4 Bb5 32. Rc7 Rd8 33. Bc3 Bg7 34. Kf2 a5 35. Ke3 a4 36. Bb4 Bh6 37. a3 g5 38. hxg5 Bxg5 39. Bc5 Kg7 40. Ke4 Bxf4 41. gxf4 Kg6 42. g3 Bc4 43. f5+ exf5+ 44. Kf4 Bd5 45. Ra7 Ra8 46. Rd7 Be4 47. Rd6+ Kg7 48. Rb6 Kh7 49. Rf6 Rg8 50. Rxf7+ Kh8 51. e6 Bd5 52. Ke5 Bb3 53. Rxf5 Rxg3 54. e7 Kh7 55. d5 Rg2 56. Rf8 Re2+ 57. Kd6 Rxe7 58. Kxe7 Bxd5 59. Kf6 h4 60. Bd4 h3 61. Kg5 Bg8 62. Be5 h2 63. Bxh2 Kg7 64. Ra8 Bb3 65. Ra6 Kg8 66. Kf6 Bc2 67. Be5 Bb3 68. Ra8+ Kh7 69. Kg5 1-0

[Event "South America-ch U14 13th"]
[Site "Santiago de Chile"]
[Date "2016.12.01"]
[Round "1"]
[White "Miranda Ramirez, Gonzalo Andres"]
[Black "Gonzales Curse, Flavio"]
[Result "0-1"]
[WhiteElo "1486"]
[BlackElo "2019"]
[PlyCount "78"]
[EventDate "2016.12.01"]
[EventType "swiss"]
[EventRounds "9"]
[EventCountry "CHI"]
[SourceTitle "EXT 2018"]
[Source "ChessBase"]
[SourceDate "2017.10.13"]
[SourceVersion "1"]
[SourceVersionDate "2017.10.13"]
[SourceQuality "1"]

1. e4 c5 2. Nf3 Nc6 3. Bb5 g6 4. Bxc6 dxc6 5. d3 Bg7 6. Nc3 Nf6 7. h3 0-0 8. 0-0 b6 9. Be3 Qc7 10. Qd2 Rd8 11. Ne2 Nxe4 12. Qc1 Nd6 13. Bf4 Re8 14. Ng3 e5 15. Bh6 Bh8 16. Re1 f5 17. Re2 Ba6 18. Re1 Nf7 19. Bd2 Rad8 20. Bc3 Bf6 21. b3 Re6 22. Qb2 Rde8 23. Rad1 Qe7 24. a4 h5 25. Rd2 h4 26. Nf1 b5 27. axb5 cxb5 28. Ne3 Bb7 29. Qa1 a6 30. Nh2 Qd6 31. Bb2 Bg5 32. Rde2 Bf4 33. Nhf1 Ng5 34. g3 Nf3+ 35. Kh1 Nxe1+ 36. Kg1 Qc6 37. f3 Nxf3+ 38. Kf2 hxg3+ 39. Nxg3 Bxg3+ 0-1

[Event "Pan American-ch U14 27th"]
[Site "Montevideo"]
[Date "2016.07.27"]
[Round "4"]
[White "Arboleda Orozco, Juan M"]
[Black "Gonzales Curse, Flavio"]
[Result "0-1"]
[WhiteElo "1976"]
[BlackElo "2001"]
[PlyCount "50"]
[EventDate "2016.07.25"]
[EventType "swiss"]
[EventRounds "9"]
[EventCountry "URU"]
[SourceTitle "EXT 2017"]
[Source "ChessBase"]
[SourceDate "2016.10.25"]
[SourceVersion "1"]
[SourceVersionDate "2016.10.25"]
[SourceQuality "1"]

1. e4 c5 2. Nf3 Nc6 3. d4 cxd4 4. Nxd4 e6 5. c4 Nf6 6. Nc3 Bb4 7. f3 d5 8. Qa4 Bd7 9. Nxc6 Bxc3+ 10. bxc3 Bxc6 11. Qc2 dxe4 12. Ba3 exf3 13. gxf3 Qa5 14. Bd6 0-0-0 15. c5 Bxf3 16. Rg1 Ne4 17. Qd3 Nxc5 18. Qxf3 Rxd6 19. Rxg7 Nd3+ 20. Bxd3 Qxc3+ 21. Ke2 Qb2+ 22. Bc2 Qxg7 23. Rb1 Rd7 24. Be4 f5 25. Rg1 fxe4 0-1

[Event "Pan American-ch U14 27th"]
[Site "Montevideo"]
[Date "2016.07.26"]
[Round "3"]
[White "Gonzales Curse, Flavio"]
[Black "Nakada, Akira W"]
[Result "1/2-1/2"]
[WhiteElo "2001"]
[BlackElo "1904"]
[PlyCount "74"]
[EventDate "2016.07.25"]
[EventType "swiss"]
[EventRounds "9"]
[EventCountry "URU"]
[SourceTitle "EXT 2017"]
[Source "ChessBase"]
[SourceDate "2016.10.25"]
[SourceVersion "1"]
[SourceVersionDate "2016.10.25"]
[SourceQuality "1"]

1. d4 Nf6 2. c4 e6 3. Nf3 d5 4. Nc3 Be7 5. Bf4 0-0 6. e3 b6 7. Bd3 Bb7 8. cxd5 exd5 9. 0-0 Nbd7 10. Nb5 c5 11. Nd6 Bc6 12. Nf5 Ne4 13. Ne5 Nxe5 14. Bxe5 f6 15. Bf4 Bd7 16. Qh5 Be6 17. Qg4 Bxf5 18. Qxf5 g6 19. Qe6+ Kh8 20. Bxe4 dxe4 21. d5 f5 22. Rad1 Bf6 23. d6 Qe8 24. Qxe8 Rfxe8 25. d7 Re6 26. Rd5 Kg8 27. Rfd1 Bd8 28. Rd6 Kf7 29. Rxe6 Kxe6 30. Rd6+ Ke7 31. Rd2 Ke6 32. f3 exf3 33. gxf3 Be7 34. Bc7 Bd8 35. Bg3 Be7 36. Bc7 Bd8 37. Bg3 Be7 1/2-1/2

[Event "Arequipa Copa del Rey 3rd"]
[Site "Arequipa"]
[Date "2014.11.01"]
[Round "4"]
[White "Gonzales Curse, Flavio"]
[Black "Durand, Maria Paula"]
[Result "1/2-1/2"]
[WhiteElo "1839"]
[BlackElo "1660"]
[PlyCount "97"]
[EventDate "2014.10.31"]
[EventType "swiss"]
[EventRounds "7"]
[EventCountry "PER"]
[SourceTitle "EXT 2018"]
[Source "ChessBase"]
[SourceDate "2017.10.13"]
[SourceVersion "1"]
[SourceVersionDate "2017.10.13"]
[SourceQuality "1"]

1. e4 e6 2. c4 d6 3. d4 Nf6 4. Nc3 Be7 5. f3 c5 6. Nge2 Nc6 7. Be3 0-0 8. d5 exd5 9. cxd5 Ne5 10. Nc1 a6 11. a4 Bd7 12. Be2 Rb8 13. a5 Qc8 14. 0-0 Ne8 15. Na4 Bd8 16. Qe1 f5 17. Nc3 Nf6 18. Bf4 Re8 19. Bxe5 Rxe5 20. Nd3 Re8 21. exf5 Bxf5 22. Qd2 Qd7 23. Rfe1 Bc7 24. Nf4 Qf7 25. g4 Bd7 26. Bc4 Rxe1+ 27. Rxe1 Bxa5 28. Ra1 Bb4 29. Bf1 Re8 30. Rd1 h5 31. g5 Ne4 32. fxe4 Rxe4 33. Ng2 Bxc3 34. Qxc3 Bg4 35. Re1 Rd4 36. Qe3 Qxd5 37. Qe8+ Kh7 38. Nh4 Qxg5 39. Ng2 Bf3 40. Qe3 Qxe3+ 41. Nxe3 Rb4 42. Nf5 Rxb2 43. Nxd6 Rd2 44. Nc4 Rd8 45. Ne5 Bg4 46. Bd3+ Kg8 47. Bc4+ Kh7 48. Bd3+ Kg8 49. Bc4+ 1/2-1/2

[Event "Pan American-ch U12 24th"]
[Site "Pocos de Caldas"]
[Date "2013.07.30"]
[Round "8.5"]
[White "Gonzales Curse, Flavio"]
[Black "Ramirez Gonzalez, Mauricio"]
[Result "0-1"]
[WhiteElo "1724"]
[BlackElo "1700"]
[PlyCount "78"]
[EventDate "2013.07.25"]
[EventType "swiss"]
[EventRounds "9"]
[EventCountry "BRA"]
[SourceTitle "EXT 2016"]
[Source "ChessBase"]
[SourceDate "2015.10.08"]
[SourceVersion "1"]
[SourceVersionDate "2015.10.08"]
[SourceQuality "1"]

1. d4 Nf6 2. Nf3 e6 3. Bf4 d5 4. e3 Bd6 5. Bg3 c5 6. c3 Nc6 7. Bd3 cxd4 8. exd4 Ne4 9. 0-0 0-0 10. Nbd2 f5 11. Bxd6 Qxd6 12. a3 Rf6 13. c4 Rh6 14. c5 Qc7 15. g3 a5 16. Bb5 Na7 17. Bd3 Nc6 18. Bb5 Na7 19. a4 Bd7 20. Bxd7 Qxd7 21. Ne5 Qe8 22. f4 Nc6 23. Nxe4 fxe4 24. Ng4 Rg6 25. Ne3 Rf6 26. Qd2 Nb4 27. Qe2 Nd3 28. f5 Rd8 29. g4 e5 30. g5 Rf8 31. Nc2 Qe7 32. Qe3 Nf4 33. h4 Rxf5 34. Rae1 Rxg5+ 35. Kh1 Rg4 36. Rf2 Rxh4+ 37. Rh2 Rxh2+ 38. Kxh2 Qh4+ 39. Kg1 Qg4+ 0-1